| 000 | 00594nac a22001691u 4500 | ||
|---|---|---|---|
| 020 | _a1893115488 | ||
| 082 |
_a005.453 _bB6214 |
||
| 090 |
_c472 _d472 |
||
| 100 | _aBischof, Brian | ||
| 245 |
_aThe.Net languages: _bA quick translation guide/ _cBrian Bischof |
||
| 260 |
_aNew York: _bSpringer verlag, _c2001 |
||
| 300 | _a383 P. | ||
| 650 | _aProgramming languages (electronic computers) | ||
| 650 | _aMicrosoft.NET | ||
| 942 |
_cBB _k005.453B6214 |
||
| 999 |
_c472 _d472 |
||